1462 1362 1227 1342 1015 1020 1066 1125 1120 1121 1070 1327 1271 1562 1088 1036 1994 1572 1072 1759 1620 1781 1633 1834 1539 1373 1024 1046 1242 1110 1718 1882 1545 1932 1368 1705 1470 1673 1391 1857 1461 1540 1930 1780 1194 1503 1036 1623 1838 1198 1244 1193 1387 1817 1372 1709 1904 1318 1836 1006 1989 1942 1894 1607 1118 1938 1708 1076 1998 1874 1568 1203 1832 1305 1621 1697 1821 1635 1203 1447 1047 1684 1516 1851 1655 1883 1308 1694 1608 1808 1310 1838 1143 1847 1715 1668 1678 1518 1113 BCNSPRNW ULIB Ver.6.0+V

เปลี่ยนเป็นภาษาไทย

Change to English
 แสดงรายละเอียดบรรณานุกรม
  กลับหน้าหลัก

Brief Record : Get Marc (ISO 2709) : E-mail record : QR code < ปิดหน้าต่าง
LEADER : 00000nam 2200000uu 4500
001    13399127917
003     ULIB
008    211108s2563||||th 000 0 tha d
020    ^a9786165723176 (ล.8)
060 04 ^aWY152^bห321^cล.8
245 00 ^aหลักการพยาบาลผู้สูงอายุ^nเล่ม 8 :^bหลักการดูแลผู้สูงอายุในชุมชนและที่บ้าน การดูแลผู้ป่วยติดบ้านและผู้ป่วยติดเตียง /^cวิโรจน์ ไววานิชกิจ, บรรณาธิการ
250    ^aพิมพ์ครั้งที่ 1
260    ^aกรุงเทพฯ :^bโรงพิมพ์จุฬาลงกรณ์มหาวิทยาลัย,^c2563
300    ^a88 หน้า :^bภาพประกอบ ;^c21 ซม.
504    ^aมีบรรณานุกรมและดรรชนี
650  4 ^aการพยาบาลเวชศาสตร์วัยชรา
650  4 ^aผู้สูงอายุ
650  4 ^aการพยาบาลผู้สูงอายุ
700 0  ^aวิโรจน์ ไววานิชกิจ,^eบรรณาธิการ
945    ^p480^l0^i29083
945    ^p480^l0^i29084
945    ^p480^l0^i29085
999    ^aกัณชพร จุลอักษร
รายการนี้ยังไม่มีแท็ก
คุณยังไม่ได้ล็อกอิน คุณสามารถมีกิจกรรมร่วมกับเว็บไซต์ได้ แต่ต้องล็อกอินก่อน ::
  ล็อกอิน

รายการสื่อสารสนเทศ

ลำดับที่ ประเภท เลขเรียก/บาร์โค้ด สถานที่ สถานะ
1. หนังสือสำรอง
หนังสือสำรอง
WY152 ห321 ล.8 ฉ.1 
  Barcode: 29083
ห้องสมุดวิทยาเขตนครสวรรค์
►หนังสือทั่วไป:l:General Books
บนชั้น
2. วิทยาศาสตร์การแพทย์ และสุขภาพ
วิทยาศาสตร์การแพทย์ และสุขภาพ
WY152 ห321 ล.8 ฉ.2 
  Barcode: 29084
ห้องสมุดวิทยาเขตนครสวรรค์
►หนังสือทั่วไป:l:General Books
บนชั้น
3. วิทยาศาสตร์การแพทย์ และสุขภาพ
วิทยาศาสตร์การแพทย์ และสุขภาพ
WY152 ห321 ล.8 ฉ.3 
  Barcode: 29085
ห้องสมุดวิทยาเขตนครสวรรค์
►หนังสือทั่วไป:l:General Books
บนชั้น

รายการใกล้เคียง
    หัวเรื่อง [การพยาบาลเวชศาสตร์วัยชรา]
    หัวเรื่อง [ผู้สูงอายุ]
    หัวเรื่อง [การพยาบาลผู้สูงอายุ]

BibComment


ยังไม่เคยถูกคอมเมนท์

คอมเมนท์ทรัพยากรรายการนี้
  คอมเมนท์: หลักการพยาบาลผู้..


 Copyright 2026. Bcnsprnw @Library